Feedback consciente (Registro nro. 170060)
[ vista simple ]
| 000 -LEADER | |
|---|---|
| fixed length control field | 01832nam a22002537a 4500 |
| 007 - PHYSICAL DESCRIPTION FIXED FIELD--GENERAL INFORMATION | |
| fixed length control field | cr|||| |||| |
| 008 - FIXED-LENGTH DATA ELEMENTS--GENERAL INFORMATION | |
| fixed length control field | 210702s2020 co |||||s|||| 00||0 spa d |
| 020 ## - INTERNATIONAL STANDARD BOOK NUMBER | |
| International Standard Book Number | 978-958-792-148-9 |
| 035 ## - | |
| -- | 33446 |
| 040 ## - CATALOGING SOURCE | |
| Original cataloging agency | vLex |
| 090 ## - | |
| -- | 11824 |
| -- | 11824 |
| 100 1# - MAIN ENTRY--PERSONAL NAME | |
| Personal name | Paradiso, Gabriel |
| 245 10 - TITLE STATEMENT | |
| Title | Feedback consciente |
| Medium | [Recurso electrónico] : |
| Remainder of title | un manual para líderes, facilitadores y coaches / |
| Statement of responsibility, etc | Gabriel Paradiso |
| 256 ## - | |
| -- | Servicio en línea |
| 260 ## - PUBLICATION, DISTRIBUTION, ETC. (IMPRINT) | |
| Place of publication, distribution, etc | Bogotá: |
| Name of publisher, distributor, etc | Ediciones de la U, |
| Date of publication, distribution, etc | 2020 |
| 300 ## - PHYSICAL DESCRIPTION | |
| Extent | 1 recurso electrónico |
| 500 ## - GENERAL NOTE | |
| General note | Es una obra ágil, refrescante, útil y práctica del potente mundo del feedback. Fiel a su estilo personal, Gabriel Paradiso nos presenta un material con realismo, profundidad y calidad, muy bien estructurado con una combinación fantástica de modelos conceptuales, herramientas, investigaciones, ejemplos, historias y desafíos. Nadie hasta ahora había reunido tanta información sobre dar y recibir feedback. El desarrollo de sus capítulos dan testimonio de la reflexión académica y empírica que nutre y es nutrida por este tema. Es imposible no preguntarse ¿cómo es que el feedback y el coaching han dejado de ser accesorios útiles -más mencionados que ejecutados- de la acción gerencial, para convertirse en un eje central? |
| 506 1# - RESTRICTIONS ON ACCESS NOTE | |
| Terms governing access | Disponible solo en los productos indicados |
| Authorized users | vLex Global |
| -- | vLex Global (Academic Edition, excluding Law Schools) |
| -- | vLex Global (U.S. Academic Edition, Law Schools) |
| -- | vLex Global (U.S. Academic Edition, excluding Law Schools) |
| -- | vLex Global (Academic Edition, Law Schools) |
| 650 04 - SUBJECT ADDED ENTRY--TOPICAL TERM | |
| Topical term or geographic name as entry element | Ciencias sociales |
| Geographic subdivision | Colombia |
| 740 0# - | |
| -- | vLex Libros (Servicio en línea) |
| 856 40 - LOCALIZACIÓN Y ACCESO ELECTRÓNICO | |
| Identificador Uniforme del Recurso (URI/URL) | https://vlex.com/source/feedback-consciente-un-manual-para-lideres-facilitadores-y-coaches-33446 |
| 942 ## - | |
| -- | RAA |
| 999 ## - | |
| -- | 170060 |
| -- | 170060 |
No hay ítems disponibles.